000 00300nam a22001337a 4500
008 170921b xxu||||| |||| 00| 0 eng d
020 _a884088522742
041 _aeng
080 _22 ED
_a78
100 _a45
101 _aMUZ
245 _aBERKLEE MUSIC THEORY
_cSCHMELING,P
942 _2udc
_cBK
999 _c28849
_d28849